000 00630nam a22001577a 4500
008 160427b xxu||||| |||| 00| 0 eng d
082 _22011
_aUT 0298
_bF11
100 _96656
_aFabe, Fiel Jane Honey M.
245 _aThe effectiveness of police patrol personnel as perceived by the selected barangay official of Digos City/
_cFiel Jane Honey M. Fabe, Lilibeth F. Barsalote and Jollibee D. Alde.
260 _aDigos City:
_bUMDC
_cOctober 2011
300 _a42 pages;
_c28 cm.
650 0 _96655
_aCriminology
_xUndergraduate thesis.
700 _96653
_aBarsalote, Lilibeth F.
700 _96654
_aAlde, Jollibee D.
942 _2ddc
_cUT
999 _c2065
_d2065